Serie Lucumí /

Programa sobre el culto yoruba a los orishas (santería), sus divinidades, sus mitos, liturgias, sistemas oraculares, teogónicos y filosóficos que se presentan en cinco capítulos, de aproximadamente 25 minutos cada uno.

保存先:
書誌詳細
第一著者: Quiñones, Tato (realización)
その他の著者: Quiñones, Tato (guión) (guión), Ralmaseda, Israel (fotógrafo) (fotógrafo), Rodríguez, Carlos (montaje) (montaje)
フォーマット: スライド
言語:スペイン語
出版事項: La Habana, Cuba : Mundo Latino, 1994, c1994
La Habana, Cuba : Mundo Latino [dist.], 1994, c1994
主題:
タグ: タグ追加
タグなし, このレコードへの初めてのタグを付けませんか!

MARC

LEADER 00000ngm^a2200000^a^4500
001 000178914
005 20250521000000.0
009 20260310101806.515
037 |a Acervo ITESO - Biblioteca 
041 |a ESP 
082 |a 299. 67097291  |b QUI 
100 |a Quiñones, Tato  |e (realización) 
245 1 0 |a Serie Lucumí /  |c Realización de T. Quiñones. 
264 4 |a La Habana, Cuba :  |b Mundo Latino,  |c 1994, c1994 
264 4 |a La Habana, Cuba :  |b Mundo Latino [dist.],  |c 1994, c1994 
300 |a 1 DVD sin dato de región  |c (26, 24, 22, 23, 23 min.) 
336 |a imagen móvil bidimensional  |b tdi  |2 rdacontenido 
337 |a video  |b v  |2 rdamedio 
338 |a videodisco  |b vd  |2 rdasoporte 
520 |a Programa sobre el culto yoruba a los orishas (santería), sus divinidades, sus mitos, liturgias, sistemas oraculares, teogónicos y filosóficos que se presentan en cinco capítulos, de aproximadamente 25 minutos cada uno. 
649 |a XX 
650 |a Yorubas 
650 |a Santería -  |z Cuba 
650 |a Vuduísmo -  |z Cuba 
650 |a Brujería -  |z Cuba 
650 |a Magia -  |z Cuba 
650 |a Religiones Afroamericanas 
650 |a Yoruba (Religión) -  |z Cuba 
650 |a Prácticas Culturales -  |z Cuba 
650 |a Antropología Cultural -  |z Cuba 
650 |a Religión 
700 |a Quiñones, Tato  |e (guión) 
700 |a Ralmaseda, Israel  |e (fotógrafo) 
700 |a Rodríguez, Carlos  |e (montaje) 
910 |a Fondo General 
920 |a Audiovisuales - DVDs 
905 |a 302 
901 |a 0500104952  |b IT2  |c DVS  |u 20250521 
902 |a https://opac.biblio.iteso.mx/vufind/Record/000178914